| 000 | 00409 a2200181 4500 | ||
|---|---|---|---|
| 999 |
_c12323 _d12323 |
||
| 003 | OSt | ||
| 005 | 20231117161727.0 | ||
| 008 | 231117b ||||| |||| 00| 0 eng d | ||
| 020 | _a9789383184293 | ||
| 040 | _aBMSCA | ||
| 041 | _aeng. | ||
| 082 |
_223 _a720.954 _bLAN |
||
| 100 | _a LANG,JON | ||
| 245 | _aARCHITECTURE & INDEPENDENCE | ||
| 260 |
_bOxford Univ Pr _c1998 |
||
| 300 | _a368p.: | ||
| 942 | _2ddc | ||